[Event "2.Open B Città di Padova Elo <1900"]
[Site "Padova Caffè Pedrocchi"]
[Date "1999.12.19"]
[Round "5.21"]
[White "Di Giacomo, Antonio"]
[Black "Tessari, Gianni"]
[Result "1-0"]
[WhiteElo "1666"]
[BlackElo "1600"]
[Annotator "Gabriele Ballarin"]
[PlyCount "63"]
[EventDate "1999.12.11"]
[EventType "swiss"]
[EventRounds "6"]
[EventCountry "ITA"]
[SourceTitle "Ballarin Gabriele"]
[Source "Ballarin Gabrie"]
[SourceDate "2001.01.01"]
[SourceVersion "1"]
[SourceVersionDate "2001.01.01"]
[SourceQuality "1"]

1. d4 d5 2. Nf3 Nf6 3. Bf4 Bf5 4. Nbd2 e6 5. e3 Bd6 6. Ne5 Nbd7 7. Be2 Bxe5 8. dxe5 Ne4 9. f3 Nxd2 10. Qxd2 O-O 11. g4 Bg6 12. h4 f5 13. h5 Bf7 14. O-O-O c5 15. gxf5 exf5 16. Rdg1 Kh8 17. Bd3 Be6 18. Bg5 Qc7 19. f4 c4 20. Bf1 Nc5 21. Qb4 Rac8 22. h6 g6 23. Bf6+ Rxf6 24. exf6 Nd3+ 25. Bxd3 cxd3 26. c3 Qf7 27. Qe7 Rc7 28. Qd8+ Qg8 29. Qxc7 Bf7 30. Qxb7 d4 31. exd4 Bd5 32. Qg7+ 1-0

[Event "2.Open B Città di Padova Elo <1900"]
[Site "Padova Caffè Pedrocchi"]
[Date "1999.12.19"]
[Round "5.22"]
[White "Pietrobon, Gabriele"]
[Black "Conz, Flavio"]
[Result "1-0"]
[WhiteElo "1485"]
[BlackElo "1633"]
[Annotator "Gabriele Ballarin"]
[PlyCount "91"]
[EventDate "1999.12.11"]
[EventType "swiss"]
[EventRounds "6"]
[EventCountry "ITA"]
[SourceTitle "Ballarin Gabriele"]
[Source "Ballarin Gabrie"]
[SourceDate "2001.01.01"]
[SourceVersion "1"]
[SourceVersionDate "2001.01.01"]
[SourceQuality "1"]

1. e4 d5 2. exd5 Qxd5 3. Nc3 Qd8 4. d4 Nf6 5. Be3 e6 6. Nf3 Bb4 7. Qd3 c6 8. Qc4 Qa5 9. Bd3 Nbd7 10. a3 Bxc3+ 11. Qxc3 Qc7 12. O-O Nd5 13. Qd2 N7f6 14. Rfe1 Nxe3 15. Rxe3 b5 16. Ne5 Bb7 17. Rg3 g6 18. Rf3 Nd7 19. Rxf7 O-O-O 20. b4 Qd6 21. Qc3 Nxe5 22. dxe5 Qd4 23. Qxd4 Rxd4 24. Re7 a6 25. Rxe6 Kd7 26. Rf6 Ke7 27. f3 Rf8 28. Rxf8 Kxf8 29. Kf2 Ke7 30. Ke3 c5 31. c3 Rd5 32. Be4 Rxe5 33. Kf4 Kf6 34. Bxb7 h5 35. Be4 Rg5 36. g3 h4 37. Rd1 Rh5 38. g4 g5+ 39. Ke3 Rh8 40. Rd6+ Ke7 41. Rxa6 cxb4 42. axb4 Rc8 43. Rc6 Rd8 44. Ke2 Rd7 45. Rb6 Rc7 46. Rb7 1-0

[Event "2.Open B Città di Padova Elo <1900"]
[Site "Padova Caffè Pedrocchi"]
[Date "1999.12.19"]
[Round "5.23"]
[White "Aguggiaro, Renzo"]
[Black "Morganti, Lionello"]
[Result "1/2-1/2"]
[WhiteElo "1489"]
[BlackElo "1624"]
[Annotator "Gabriele Ballarin"]
[PlyCount "65"]
[EventDate "1999.12.11"]
[EventType "swiss"]
[EventRounds "6"]
[EventCountry "ITA"]
[SourceTitle "Ballarin Gabriele"]
[Source "Ballarin Gabrie"]
[SourceDate "2001.01.01"]
[SourceVersion "1"]
[SourceVersionDate "2001.01.01"]
[SourceQuality "1"]

1. d4 Nf6 2. c4 g6 3. Nc3 Bg7 4. e4 d6 5. f4 O-O 6. Nf3 c5 7. d5 Bg4 8. Be2 a6 9. O-O Nbd7 10. Rb1 Rb8 11. b3 Qc7 12. Bb2 Qa5 13. Ng5 Bxe2 14. Qxe2 h6 15. Nf3 Nh5 16. Qd2 b5 17. cxb5 axb5 18. a3 Bxc3 19. Bxc3 Qxa3 20. e5 Ng7 21. g4 b4 22. Ba1 Nb6 23. f5 Kh7 24. Bb2 Qa8 25. Bc1 g5 26. Nxg5+ hxg5 27. Qxg5 Qxd5 28. Qh6+ Kg8 29. f6 Qd4+ 30. Rf2 Qd1+ 31. Kg2 Qxg4+ 32. Kf1 Qd1+ 33. Kg2 1/2-1/2

[Event "2.Open B Città di Padova Elo <1900"]
[Site "Padova Caffè Pedrocchi"]
[Date "1999.12.19"]
[Round "5.24"]
[White "Ciech, Elio"]
[Black "Molena, Paolo"]
[Result "1-0"]
[WhiteElo "1462"]
[BlackElo "1477"]
[Annotator "Gabriele Ballarin"]
[PlyCount "99"]
[EventDate "1999.12.11"]
[EventType "swiss"]
[EventRounds "6"]
[EventCountry "ITA"]
[SourceTitle "Ballarin Gabriele"]
[Source "Ballarin Gabrie"]
[SourceDate "2001.01.01"]
[SourceVersion "1"]
[SourceVersionDate "2001.01.01"]
[SourceQuality "1"]

1. e4 e5 2. Nf3 Nc6 3. d4 exd4 4. Nxd4 Nxd4 5. Qxd4 Qe7 6. Nc3 Qb4 7. Qe5+ Kd8 8. Bd3 c6 9. O-O d6 10. Qg3 Qd4 11. Be3 Qe5 12. f4 Qh5 13. f5 f6 14. Rad1 Kc7 15. Bc4 Qe8 16. Bc5 Qe5 17. Bf2 Bd7 18. Rfe1 Nh6 19. Qd3 Rd8 20. Bg3 Qe7 21. Na4 b6 22. Bb3 Bc8 23. c4 Nf7 24. c5 Ne5 25. cxb6+ axb6 26. Qe3 c5 27. Bd5 Qe8 28. Qb3 b5 29. Nc3 b4 30. Ne2 g5 31. Bxe5 dxe5 32. Rc1 Qb5 33. a3 Kb8 34. Ra1 Bb7 35. Nc3 Bxd5 36. Nxd5 c4 37. Qc2 Bc5+ 38. Kh1 Rd6 39. axb4 Bxb4 40. Ra8+ Kb7 41. Rxh8 Bxe1 42. Rxh7+ Rd7 43. Rxd7+ Qxd7 44. Qxc4 Ba5 45. h3 Qd8 46. b4 Bb6 47. b5 Qd6 48. Qc6+ Qxc6 49. bxc6+ Kxc6 50. Nxf6 1-0

[Event "2.Open B Città di Padova Elo <1900"]
[Site "Padova Caffè Pedrocchi"]
[Date "1999.12.19"]
[Round "5.25"]
[White "Logallo, Claudio"]
[Black "Pastore, Mauro"]
[Result "1/2-1/2"]
[WhiteElo "1600"]
[BlackElo "1612"]
[Annotator "Gabriele Ballarin"]
[PlyCount "109"]
[EventDate "1999.12.11"]
[EventType "swiss"]
[EventRounds "6"]
[EventCountry "ITA"]
[SourceTitle "Ballarin Gabriele"]
[Source "Ballarin Gabrie"]
[SourceDate "2001.01.01"]
[SourceVersion "1"]
[SourceVersionDate "2001.01.01"]
[SourceQuality "1"]

1. e4 e6 2. d4 d5 3. Nc3 Bb4 4. e5 c5 5. a3 Bxc3+ 6. bxc3 Qc7 7. Bd3 Nc6 8. Nf3 c4 9. Be2 f5 10. exf6 Nxf6 11. O-O O-O 12. g3 Ne4 13. Bb2 Bd7 14. Nd2 Nxd2 15. Qxd2 e5 16. dxe5 Nxe5 17. Kg2 Nf3 18. Bxf3 Rxf3 19. Rad1 Bc6 20. Qd4 Qf7 21. Bc1 Rf8 22. Bf4 Qh5 23. Qe5 Rxf2+ 24. Rxf2 d4+ 25. Kg1 Qxd1+ 26. Rf1 Qxc2 27. Rf2 Qxc3 28. Qe6+ Kh8 29. Bd2 Qa1+ 30. Be1 Rg8 31. Qe7 Qc1 32. Rf7 Qe3+ 33. Qxe3 dxe3 34. Bc3 h6 35. Kf1 Kh7 36. Ke2 Kg6 37. Re7 Kh5 38. Kxe3 Re8 39. Rxe8 Bxe8 40. Bxg7 Kg6 41. Bc3 Kg5 42. Kd4 Bf7 43. Bd2+ Kg6 44. a4 h5 45. h3 Kf5 46. g4+ hxg4 47. hxg4+ Kxg4 48. Kc5 Kf3 49. a5 Ke2 50. Bc3 Kd3 51. Kb4 a6 52. Bg7 Ke4 53. Kc3 Kd5 54. Bd4 Kc6 55. Bb6 1/2-1/2

[Event "2.Open B Città di Padova Elo <1900"]
[Site "Padova Caffè Pedrocchi"]
[Date "1999.12.19"]
[Round "5.26"]
[White "Gubellini, Luciano"]
[Black "Sedani, Elisa"]
[Result "0-1"]
[WhiteElo "1600"]
[BlackElo "1479"]
[Annotator "Gabriele Ballarin"]
[PlyCount "63"]
[EventDate "1999.12.11"]
[EventType "swiss"]
[EventRounds "6"]
[EventCountry "ITA"]
[SourceTitle "Ballarin Gabriele"]
[Source "Ballarin Gabrie"]
[SourceDate "2001.01.01"]
[SourceVersion "1"]
[SourceVersionDate "2001.01.01"]
[SourceQuality "1"]

1. d4 Nf6 2. Nf3 g6 3. Bg5 Bg7 4. Nbd2 d6 5. e3 O-O 6. Be2 Nbd7 7. O-O Qe8 8. Re1 e5 9. dxe5 Nxe5 10. h3 h6 11. Bh4 Nh7 12. c3 Be6 13. Nd4 Bd7 14. f4 Nc6 15. Bf2 Qd8 16. Bf3 Nxd4 17. exd4 Kh8 18. Qb3 Qf6 19. Bg3 g5 20. Ne4 Qg6 21. fxg5 Nxg5 22. Nxg5 Qxg5 23. Kh2 h5 24. Re4 Bc6 25. Rf4 Rg8 26. Bxh5 Be5 27. Rg4 Bxg3+ 28. Kxg3 Qxh5 29. Kf2 Qf5+ 30. Ke3 Rae8+ 31. Kd2 Qf2+ 32. Kd3 0-1

[Event "2.Open B Città di Padova Elo <1900"]
[Site "Padova Caffè Pedrocchi"]
[Date "1999.12.19"]
[Round "5.27"]
[White "Roberti, Ignazio"]
[Black "Broccardo, Nicola"]
[Result "1-0"]
[WhiteElo "1610"]
[BlackElo "1579"]
[Annotator "Gabriele Ballarin"]
[PlyCount "125"]
[EventDate "1999.12.11"]
[EventType "swiss"]
[EventRounds "6"]
[EventCountry "ITA"]
[SourceTitle "Ballarin Gabriele"]
[Source "Ballarin Gabrie"]
[SourceDate "2001.01.01"]
[SourceVersion "1"]
[SourceVersionDate "2001.01.01"]
[SourceQuality "1"]

1. e4 d6 2. d4 Nf6 3. Nc3 g6 4. f4 Bg7 5. Nf3 O-O 6. Be2 b6 7. O-O Bb7 8. Bd3 e6 9. Rb1 c5 10. e5 dxe5 11. dxe5 Nd5 12. Be4 Bc6 13. Qe2 Nxc3 14. bxc3 Bxe4 15. Qxe4 Qd5 16. Qxd5 exd5 17. Rd1 Rd8 18. c4 d4 19. c3 Nc6 20. cxd4 Nxd4 21. Nxd4 Bf8 22. Ba3 cxd4 23. Bxf8 Kxf8 24. Kf2 Rac8 25. Rbc1 Rd7 26. Rd3 Ke7 27. Kf3 f5 28. g4 Ke6 29. g5 b5 30. c5 Kd5 31. Rcd1 Ke6 32. Rxd4 Rxd4 33. Rxd4 Rxc5 34. Rd6+ Ke7 35. Ke3 Rc2 36. Rd2 Rc1 37. Rb2 a6 38. Rd2 Rc3+ 39. Rd3 Rc2 40. Rd2 Rc3+ 41. Kf2 b4 42. Ke2 a5 43. Rd3 Rc4 44. Ke3 Re4+ 45. Kf3 a4 46. Rd6 Rc4 47. Ke3 a3 48. Rd2 Rc3+ 49. Ke2 b3 50. axb3 Rxb3 51. Rc2 Rb2 52. Kd3 a2 53. Rc7+ Kd8 54. Ra7 Rxh2 55. e6 Rb2 56. Kd4 Re2 57. Kd5 Rd2+ 58. Ke5 Re2+ 59. Kf6 Kc8 60. e7 Kb8 61. Rxa2 Rxa2 62. e8=Q+ Kb7 63. Qf7+ 1-0

[Event "2.Open B Città di Padova Elo <1900"]
[Site "Padova Caffè Pedrocchi"]
[Date "1999.12.19"]
[Round "5.28"]
[White "Ballarin, Gabriele"]
[Black "Marangoni, Simone"]
[Result "1/2-1/2"]
[WhiteElo "1621"]
[BlackElo "1690"]
[Annotator "Gabriele Ballarin"]
[PlyCount "119"]
[EventDate "1999.12.11"]
[EventType "swiss"]
[EventRounds "6"]
[EventCountry "ITA"]
[SourceTitle "Ballarin Gabriele"]
[Source "Ballarin Gabrie"]
[SourceDate "2001.01.01"]
[SourceVersion "1"]
[SourceVersionDate "2001.01.01"]
[SourceQuality "1"]

1. e4 Nf6 2. e5 Nd5 3. d4 e6 4. Bc4 Nb6 5. Bb3 d5 6. Nc3 c5 7. dxc5 Bxc5 8. Qg4 g6 9. Bg5 Be7 10. Bxe7 Qxe7 11. Nb5 O-O 12. h4 Nc6 13. f4 Qb4+ 14. Nc3 Nd4 15. h5 Nxc2+ 16. Bxc2 Qxb2 17. Qd1 Qxc3+ 18. Kf2 Qc5+ 19. Kg3 Nc4 20. Bd3 Qe3+ 21. Nf3 Nb2 22. Qe2 Qxd3 23. Qxb2 b6 24. Rad1 Qe3 25. Rde1 Qc5 26. hxg6 fxg6 27. Rh6 Qc4 28. Qd2 Rf7 29. Reh1 Ba6 30. Ng5 Re7 31. Nxe6 Qd3+ 32. Qxd3 Bxd3 33. Ng5 Bf5 34. Rxh7 Rxh7 35. Rxh7 d4 36. Rc7 d3 37. Nf3 Rd8 38. Nd2 Rc8 39. Rxc8+ Bxc8 40. Kf2 Bf5 41. Ke3 Kf7 42. a3 Ke6 43. Nb3 Kd5 44. g4 Bxg4 45. Kxd3 a5 46. Nd4 Bd7 47. Ke3 b5 48. Nb3 b4 49. axb4 axb4 50. Kd2 Bf5 51. Kc1 Ke4 52. Nc5+ Kxf4 53. e6 g5 54. e7 Bg6 55. Ne6+ Kf5 56. e8=Q Bxe8 57. Ng7+ Kf4 58. Nxe8 g4 59. Nf6 g3 60. Nh5+ 1/2-1/2

[Event "2.Open B Città di Padova Elo <1900"]
[Site "Padova Caffè Pedrocchi"]
[Date "1999.12.19"]
[Round "5.29"]
[White "Marson, Luca"]
[Black "Lovisetto, Giampaolo"]
[Result "1-0"]
[WhiteElo "1648"]
[BlackElo "1500"]
[Annotator "Gabriele Ballarin"]
[PlyCount "78"]
[EventDate "1999.12.11"]
[EventType "swiss"]
[EventRounds "6"]
[EventCountry "ITA"]
[SourceTitle "Ballarin Gabriele"]
[Source "Ballarin Gabrie"]
[SourceDate "2001.01.01"]
[SourceVersion "1"]
[SourceVersionDate "2001.01.01"]
[SourceQuality "1"]

1. e4 e6 2. d4 c5 3. Nf3 Nc6 4. d5 exd5 5. exd5 Qe7+ 6. Be2 Ne5 7. O-O d6 8. Nc3 Bd7 9. Nb5 Qd8 10. Re1 a6 11. Nc3 Qc7 12. a4 O-O-O 13. Bf4 f6 14. a5 g5 15. Be3 Ng4 16. Bd2 Ne7 17. Nxg5 Nxf2 18. Kxf2 fxg5 19. Bg4 h5 20. Be6 Bg7 21. Kg1 Bd4+ 22. Kh1 Bxe6 23. Rxe6 g4 24. Bg5 Rde8 25. Qe2 Be5 26. Qe4 Rhf8 27. Na4 Qxa5 28. Rxe7 Rxe7 29. Bxe7 Rf4 30. Qg6 b5 31. Qe8+ Kb7 32. Qd7+ Qc7 33. Qxc7+ Kxc7 34. Nc3 Kb7 35. Bh4 b4 36. Na4 Rd4 37. c3 Rxd5 38. cxb4 cxb4 39. Rc1 Rd2 1-0

[Event "2.Open B Città di Padova Elo <1900"]
[Site "Padova Caffè Pedrocchi"]
[Date "1999.12.19"]
[Round "5.30"]
[White "Tresin, Ardilio"]
[Black "Sinato, Fabrizio"]
[Result "0-1"]
[WhiteElo "1380"]
[BlackElo "1704"]
[Annotator "Gabriele Ballarin"]
[PlyCount "110"]
[EventDate "1999.12.11"]
[EventType "swiss"]
[EventRounds "6"]
[EventCountry "ITA"]
[SourceTitle "Ballarin Gabriele"]
[Source "Ballarin Gabrie"]
[SourceDate "2001.01.01"]
[SourceVersion "1"]
[SourceVersionDate "2001.01.01"]
[SourceQuality "1"]

1. d4 d5 2. Nf3 Nf6 3. e3 Bf5 4. Bd3 Bxd3 5. cxd3 e6 6. Qb3 Qc8 7. O-O Nbd7 8. Bd2 Bd6 9. Bb4 O-O 10. Nbd2 b6 11. Bxd6 cxd6 12. Rfc1 Qb7 13. Qb4 Rac8 14. Nb3 Qb8 15. Rxc8 Rxc8 16. Rc1 Rxc1+ 17. Nxc1 Qc7 18. Qc3 Qxc3 19. bxc3 Kf8 20. h3 Ke7 21. Kf1 b5 22. Nb3 h6 23. Nbd2 Nb6 24. Ke2 Na4 25. Nb1 Nd7 26. Kd2 Ndb6 27. Na3 a6 28. Nc2 Nd7 29. Nb4 Nb8 30. a3 Kd7 31. Kc2 Nb6 32. Kb3 Kc7 33. Nc2 Nc6 34. Nb4 Nb8 35. Nc2 Kb7 36. g4 Nc6 37. Nb4 Ne7 38. Nc2 Nc6 39. Nb4 Ne7 40. Nc2 Ng6 41. h4 Nd7 42. h5 Ne7 43. e4 Nf6 44. Ne3 dxe4 45. dxe4 Nxe4 46. Nd1 Nd5 47. c4 bxc4+ 48. Kxc4 Kb6 49. a4 Ka5 50. Kd3 Nef6 51. Nh2 Kxa4 52. f3 Kb3 53. Nf1 Nb4+ 54. Kd2 Nfd5 55. Ke1 Kc4 0-1

[Event "2.Open B Città di Padova Elo <1900"]
[Site "Padova Caffè Pedrocchi"]
[Date "1999.12.19"]
[Round "5.31"]
[White "Quaranta, Cristiano"]
[Black "Troise, Salvatore"]
[Result "0-1"]
[WhiteElo "1552"]
[BlackElo "1591"]
[Annotator "Gabriele Ballarin"]
[PlyCount "127"]
[EventDate "1999.12.11"]
[EventType "swiss"]
[EventRounds "6"]
[EventCountry "ITA"]
[SourceTitle "Ballarin Gabriele"]
[Source "Ballarin Gabrie"]
[SourceDate "2001.01.01"]
[SourceVersion "1"]
[SourceVersionDate "2001.01.01"]
[SourceQuality "1"]

1. e4 c5 2. c3 d5 3. exd5 Qxd5 4. d4 Nc6 5. Be3 cxd4 6. cxd4 e5 7. Nc3 Bb4 8. Nge2 Nge7 9. a3 exd4 10. Nxd4 Bxc3+ 11. bxc3 O-O 12. Qf3 Nxd4 13. Bxd4 Qxf3 14. gxf3 Nf5 15. Be3 Be6 16. Bd3 Nxe3 17. fxe3 Rac8 18. Rc1 Rc5 19. e4 Rfc8 20. Kd2 f5 21. Rhe1 Rd8 22. Ke3 f4+ 23. Ke2 Rdc8 24. Kd2 Rh5 25. Re2 Ra5 26. Ra1 Rd8 27. Kc2 Rc5 28. Rc1 a5 29. Rd2 a4 30. Kb2 Rdc8 31. Be2 Kf7 32. Rd4 b5 33. Rb4 Bd7 34. Rd1 Ke6 35. Rbd4 R8c7 36. R1d3 Ke7 37. Rd5 Be6 38. Rxc5 Rxc5 39. Rd2 Rh5 40. Kc1 Bd7 41. Bd3 Re5 42. Bc2 h5 43. Kd1 g5 44. Rf2 g4 45. Ke1 g3 46. hxg3 fxg3 47. Rg2 h4 48. f4 Rc5 49. Kd2 Bh3 50. Rg1 Bg4 51. f5 Kf6 52. Kd3 Rc8 53. Kd4 Rd8+ 54. Ke3 Ke5 55. Bd3 Rb8 56. Bc2 Bh5 57. Rh1 g2 58. Rg1 h3 59. Kf2 h2 60. Kxg2 hxg1=Q+ 61. Kxg1 Rc8 62. Bd3 Be8 63. Kf2 Rxc3 64. Ke3 0-1

[Event "2.Open B Città di Padova Elo <1900"]
[Site "Padova Caffè Pedrocchi"]
[Date "1999.12.19"]
[Round "5.32"]
[White "Gobbato, Paolo"]
[Black "Sanavio, Giancarlo"]
[Result "0-1"]
[WhiteElo "1500"]
[BlackElo "1522"]
[Annotator "Gabriele Ballarin"]
[PlyCount "81"]
[EventDate "1999.12.11"]
[EventType "swiss"]
[EventRounds "6"]
[EventCountry "ITA"]
[SourceTitle "Ballarin Gabriele"]
[Source "Ballarin Gabrie"]
[SourceDate "2001.01.01"]
[SourceVersion "1"]
[SourceVersionDate "2001.01.01"]
[SourceQuality "1"]

1. d4 Nf6 2. c4 e6 3. Nc3 d5 4. Bg5 Be7 5. e3 O-O 6. Nf3 Nbd7 7. Rc1 Re8 8. Bd3 h6 9. Bf4 c6 10. O-O Nh5 11. Bg3 Nxg3 12. fxg3 Bf6 13. cxd5 exd5 14. Qd2 Nf8 15. Bb1 Qa5 16. a3 Bg4 17. Ne1 Qb6 18. b4 Bh5 19. b5 Rad8 20. bxc6 bxc6 21. Na4 Qb3 22. Nc3 Qxa3 23. h4 Qd6 24. Qf2 a5 25. Bc2 Qa3 26. Ba4 Qxc1 27. Nc2 Qb2 28. Qd2 Qb7 29. Kh1 Qc7 30. Rf4 Re6 31. Ne1 Ng6 32. Rf1 Qxg3 33. Nf3 Nxh4 34. Nxh4 Qxh4+ 35. Kg1 Rxe3 36. Rxf6 Rxc3 37. Rf4 Qg5 38. Kh2 Qg3+ 39. Kh1 Rd3 40. Qc1 Re8 41. Rf1 0-1

[Event "2.Open B Città di Padova Elo <1900"]
[Site "Padova Caffè Pedrocchi"]
[Date "1999.12.19"]
[Round "5.33"]
[White "Boscolo, Ampelio"]
[Black "Moschini, Costantino"]
[Result "0-1"]
[WhiteElo "1494"]
[BlackElo "1513"]
[Annotator "Gabriele Ballarin"]
[PlyCount "88"]
[EventDate "1999.12.11"]
[EventType "swiss"]
[EventRounds "6"]
[EventCountry "ITA"]
[SourceTitle "Ballarin Gabriele"]
[Source "Ballarin Gabrie"]
[SourceDate "2001.01.01"]
[SourceVersion "1"]
[SourceVersionDate "2001.01.01"]
[SourceQuality "1"]

1. Nf3 Nf6 2. g3 g6 3. Bg2 Bg7 4. d4 O-O 5. Nbd2 c6 6. e4 d6 7. O-O Nbd7 8. Re1 e5 9. c3 Qc7 10. Nc4 b5 11. Na3 Rb8 12. Nc2 Bb7 13. b3 a5 14. Ba3 Rfd8 15. Qe2 Ba8 16. Rad1 c5 17. d5 b4 18. Bb2 Bb7 19. Nh4 Ra8 20. f4 c4 21. Qxc4 Qb6+ 22. Kh1 Ba6 23. Qc6 Qb8 24. fxe5 Nxe5 25. Qxa8 Qxa8 26. cxb4 Nd3 27. Bxf6 Bxf6 28. Rf1 Bxh4 29. gxh4 Nb2 30. bxa5 Bxf1 31. Rxf1 Qxa5 32. Nd4 Qc5 33. Nc6 Ra8 34. a4 Nd3 35. h3 Nf2+ 36. Kh2 Qc2 37. e5 Nd1 38. exd6 Ne3 39. Rg1 Nxd5 40. d7 Qxc6 41. Rd1 Qc7+ 42. Kg1 Ne3 43. Bxa8 Nxd1 44. Bc6 Qg3+ 0-1

[Event "2.Open B Città di Padova Elo <1900"]
[Site "Padova Caffè Pedrocchi"]
[Date "1999.12.19"]
[Round "5.34"]
[White "Pedrollo, Cristian"]
[Black "Marcuzzo, Giorgio"]
[Result "1/2-1/2"]
[WhiteElo "1474"]
[BlackElo "1492"]
[Annotator "Gabriele Ballarin"]
[PlyCount "77"]
[EventDate "1999.12.11"]
[EventType "swiss"]
[EventRounds "6"]
[EventCountry "ITA"]
[SourceTitle "Ballarin Gabriele"]
[Source "Ballarin Gabrie"]
[SourceDate "2001.01.01"]
[SourceVersion "1"]
[SourceVersionDate "2001.01.01"]
[SourceQuality "1"]

1. d4 Nf6 2. c4 d6 3. Nc3 Nbd7 4. Nf3 e5 5. e4 h6 6. Be2 c6 7. h3 Be7 8. Be3 Qc7 9. O-O Nf8 10. Qc2 g5 11. Nh2 Ng6 12. dxe5 dxe5 13. Rad1 Nf4 14. a3 h5 15. b4 g4 16. h4 a5 17. Rb1 axb4 18. axb4 Ra3 19. Rfe1 Nxe2+ 20. Rxe2 Rxc3 21. Qxc3 Nxe4 22. Qe1 f5 23. g3 Be6 24. c5 Bc4 25. Rd2 Nxd2 26. Qxd2 O-O 27. Qc2 Bd5 28. Re1 Rf7 29. Nf1 Bf8 30. Bg5 Be7 31. Bd2 Be4 32. Qc4 Qd8 33. Qe6 Bf6 34. Qb3 Qd3 35. Qxd3 Bxd3 36. Bc3 Bxf1 37. Kxf1 e4 38. Bxf6 Rxf6 39. Rd1 1/2-1/2

[Event "2.Open B Città di Padova Elo <1900"]
[Site "Padova Caffè Pedrocchi"]
[Date "1999.12.19"]
[Round "5.35"]
[White "Verdi, Ruben"]
[Black "Bonetto, Giorgio"]
[Result "0-1"]
[WhiteElo "1464"]
[BlackElo "1567"]
[Annotator "Gabriele Ballarin"]
[PlyCount "80"]
[EventDate "1999.12.11"]
[EventType "swiss"]
[EventRounds "6"]
[EventCountry "ITA"]
[SourceTitle "Ballarin Gabriele"]
[Source "Ballarin Gabrie"]
[SourceDate "2001.01.01"]
[SourceVersion "1"]
[SourceVersionDate "2001.01.01"]
[SourceQuality "1"]

1. e4 e6 2. d4 d5 3. f3 dxe4 4. Bf4 exf3 5. Nxf3 Nc6 6. Bc4 Nf6 7. O-O Bd6 8. Ne5 Nxe5 9. dxe5 Bc5+ 10. Kh1 Qxd1 11. Rxd1 Ne4 12. Bg3 Nxg3+ 13. hxg3 Bd7 14. Nc3 Bc6 15. Bb5 Bxb5 16. Nxb5 Rc8 17. Rd3 a6 18. Nc3 Rd8 19. Rad1 Rxd3 20. Rxd3 Ke7 21. Ne4 Bb6 22. c3 Rd8 23. Rxd8 Kxd8 24. Ng5 h6 25. Nxf7+ Ke7 26. Nh8 g5 27. Kh2 Kf8 28. Ng6+ Kf7 29. Nh4 gxh4 30. gxh4 Be3 31. Kg3 Bc1 32. c4 Bxb2 33. Kf4 b5 34. c5 c6 35. Ke4 a5 36. h5 a4 37. g4 b4 38. Kf4 b3 39. axb3 axb3 40. g5 Bc1+ 0-1

[Event "2.Open B Città di Padova Elo <1900"]
[Site "Padova Caffè Pedrocchi"]
[Date "1999.12.19"]
[Round "5.36"]
[White "Borgato, Alessandro"]
[Black "Alburno, Franco"]
[Result "1-0"]
[WhiteElo "1494"]
[BlackElo "1438"]
[Annotator "Gabriele Ballarin"]
[PlyCount "107"]
[EventDate "1999.12.11"]
[EventType "swiss"]
[EventRounds "6"]
[EventCountry "ITA"]
[SourceTitle "Ballarin Gabriele"]
[Source "Ballarin Gabrie"]
[SourceDate "2001.01.01"]
[SourceVersion "1"]
[SourceVersionDate "2001.01.01"]
[SourceQuality "1"]

1. e4 e6 2. d4 d5 3. exd5 exd5 4. Bd3 Nf6 5. Bg5 Be7 6. Nf3 Nbd7 7. Nbd2 Ng4 8. Bxe7 Qxe7+ 9. Qe2 Qxe2+ 10. Bxe2 O-O 11. O-O Ndf6 12. h3 Nh6 13. Rfe1 Nf5 14. Bd3 Nd6 15. Re2 Bd7 16. c3 Rfe8 17. Rae1 Rxe2 18. Rxe2 Re8 19. Re5 h6 20. Rxe8+ Bxe8 21. Ne5 Nd7 22. Nxd7 Bxd7 23. g4 Kf8 24. f3 f5 25. Kf2 Kf7 26. Nf1 f4 27. Nd2 g5 28. Bc2 Ke7 29. Ke2 Bb5+ 30. Bd3 Bc6 31. Bc2 Kd7 32. b3 Nb5 33. Nb1 Kd6 34. a4 Nxd4+ 35. cxd4 a6 36. Nc3 b5 37. axb5 Bb7 38. bxa6 Bxa6+ 39. Bd3 Bb7 40. Na4 c6 41. Nc5 Bc8 42. b4 Kc7 43. Bf5 Bb7 44. Nxb7 Kxb7 45. Kd3 Kb6 46. Kc3 Kb5 47. Kb3 Kb6 48. Ka4 Kc7 49. Ka5 Kb7 50. Bc2 Kc7 51. Ka6 Kd6 52. Kb6 Ke6 53. Kxc6 Kf6 54. b5 1-0

[Event "2.Open B Città di Padova Elo <1900"]
[Site "Padova Caffè Pedrocchi"]
[Date "1999.12.19"]
[Round "5.37"]
[White "Spinoso, Giovanni"]
[Black "Giordan, Daniele"]
[Result "0-1"]
[WhiteElo "1500"]
[BlackElo "1500"]
[Annotator "Gabriele Ballarin"]
[PlyCount "42"]
[EventDate "1999.12.11"]
[EventType "swiss"]
[EventRounds "6"]
[EventCountry "ITA"]
[SourceTitle "Ballarin Gabriele"]
[Source "Ballarin Gabrie"]
[SourceDate "2001.01.01"]
[SourceVersion "1"]
[SourceVersionDate "2001.01.01"]
[SourceQuality "1"]

1. e4 Nf6 2. Nc3 d5 3. exd5 Nxd5 4. Nxd5 Qxd5 5. c4 Qe5+ 6. Qe2 Qf6 7. Qf3 Nc6 8. Qxf6 exf6 9. h3 Nb4 10. Kd1 Bc5 11. a3 Nc6 12. f3 Bf5 13. g4 Bg6 14. b4 Bd4 15. Ra2 Bb1 16. Rb2 Bxb2 17. Bxb2 O-O-O 18. Kc1 Bd3 19. Ne2 Rhe8 20. Kd1 Bxc4 21. Ng3 Bb3+ 0-1

[Event "2.Open B Città di Padova Elo <1900"]
[Site "Padova Caffè Pedrocchi"]
[Date "1999.12.19"]
[Round "5.38"]
[White "Vastano, Ciro"]
[Black "Gottardo, J.Michele"]
[Result "0-1"]
[WhiteElo "1300"]
[BlackElo "1500"]
[Annotator "Gabriele Ballarin"]
[PlyCount "60"]
[EventDate "1999.12.11"]
[EventType "swiss"]
[EventRounds "6"]
[EventCountry "ITA"]
[SourceTitle "Ballarin Gabriele"]
[Source "Ballarin Gabrie"]
[SourceDate "2001.01.01"]
[SourceVersion "1"]
[SourceVersionDate "2001.01.01"]
[SourceQuality "1"]

1. e4 e5 2. d4 exd4 3. c3 Nc6 4. Bc4 Nf6 5. Nf3 d6 6. Qb3 Qe7 7. O-O Nd7 8. Qc2 Nb6 9. Bd3 Bg4 10. Nbd2 dxc3 11. bxc3 O-O-O 12. c4 Nb4 13. Qc3 Nxd3 14. Qxd3 Qf6 15. Rb1 Qg6 16. Re1 Be7 17. Nd4 d5 18. cxd5 Nxd5 19. Qb5 Nb6 20. Nc4 Rxd4 21. Nxb6+ Qxb6 22. Qe5 Bf6 23. Rxb6 Bxe5 24. Bb2 axb6 25. Bxd4 Bxd4 26. h3 Be6 27. Rd1 Rd8 28. Rxd4 Rxd4 29. Kf1 Bxa2 30. Ke2 c5 0-1

[Event "2.Open B Città di Padova Elo <1900"]
[Site "Padova Caffè Pedrocchi"]
[Date "1999.12.19"]
[Round "5.39"]
[White "Roccaro, Giovanni"]
[Black "Marangon, Matteo"]
[Result "1/2-1/2"]
[WhiteElo "1630"]
[BlackElo "1500"]
[Annotator "Gabriele Ballarin"]
[PlyCount "40"]
[EventDate "1999.12.11"]
[EventType "swiss"]
[EventRounds "6"]
[EventCountry "ITA"]
[SourceTitle "Ballarin Gabriele"]
[Source "Ballarin Gabrie"]
[SourceDate "2001.01.01"]
[SourceVersion "1"]
[SourceVersionDate "2001.01.01"]
[SourceQuality "1"]

1. e4 c5 2. Nf3 d6 3. d4 cxd4 4. Nxd4 Nf6 5. Nc3 e5 6. Nf3 Bg4 7. Bc4 Nc6 8. Be3 Qa5 9. Qd2 Rd8 10. Ng5 Bh5 11. f3 h6 12. Nh3 Be7 13. Nf2 O-O 14. g4 Bg6 15. h4 d5 16. exd5 Bc5 17. Bb3 Bxe3 18. Qxe3 Nxd5 19. Bxd5 Rxd5 20. O-O Rd6 1/2-1/2